| 000 | 01057nam a2200241Ia 4500 | ||
|---|---|---|---|
| 999 |
_c41395 _d41395 |
||
| 001 | 8057 | ||
| 003 | GE_BSU | ||
| 005 | 20200116161109.0 | ||
| 008 | 181216s2010||||ge |||||||||||||| ||geo|| | ||
| 020 | _a9789941025570 | ||
| 040 | _cGE_BSU | ||
| 041 | _ageo | ||
| 080 | _a821.512.162-1 ი-85 | ||
| 100 |
_aისკანდერზადე, ელჩინ _96171 |
||
| 245 |
_aერთი ცრემლი : _b[ლექსები] / _cელჩინ ისკანდერზადე ; [მთარგმნ. ანა ბარტკულაშვილი ; რედ. მანანა გორგიშვილი]. |
||
| 264 |
_aთბილისი, _c2010 |
||
| 300 |
_a84 გვ.; _b20 სმ. |
||
| 653 | _aპოეზია | ||
| 653 | _aმხატვრული ლიტერატურა | ||
| 700 |
_aბარტკულაშვილი, ანა _eმთარგმნელი _96172 |
||
| 700 |
_aგორგიშვილი, მანანა _eრედაქტორი _96173 |
||
| 942 |
_cBK _2udc |
||